| 000 | 00389nam a22001457a 4500 | ||
|---|---|---|---|
| 005 | 20180213103949.0 | ||
| 008 | 180213b xxu||||| |||| 00| 0 eng d | ||
| 040 | _cPK-LaUMT | ||
| 082 |
_aPKAC 297 _bNAE-A |
||
| 100 | _aNaeem Siddiqi | ||
| 245 |
_aAnwar wa Asaar(urdu) _cNaeem Siddiqi |
||
| 260 |
_aلاہور: _bادارہ معارف اسلامی، _c1987 |
||
| 300 | _a238 | ||
| 942 | _cBK | ||
| 999 |
_c103070 _d103070 |
||